000 00711nam a22002297a 4500
003 OSt
005 20260530115316.0
008 260505b1998 fr ||||| |||| 00| 0 spa d
040 _aICI
_bSPA
_cICI
041 _aspa
050 _aHD9144.C9
_bG37
100 _aGarrido, Adargelio,
_cautor
_933651
245 _aEl habano :
_bRetratos hechos a mano /
_cAdargelio Garrido, Christophe Loviny y Jean-Yves Martínez
260 _aParis
_c1998
300 _a128 páginas :
_bIlustraciones
650 4 _2Tabaco
_zCuba
_933652
650 4 _2Industria del tabaco
_zCuba
_933652
650 4 _2Arte cubano.
700 1 _aLoviny, Christophe,
_eautor
700 1 _aMartínez Jean-Yves,
_eautor
_933654
942 _2lcc
_cBK
_n1
999 _c13581
_d13581